[Event "La Pobla de Lillet op"]
[Site "La Pobla de Lillet ESP"]
[Date "2019.08.04"]
[Round "3.4"]
[White "Codina Calvo, D."]
[Black "Bravo Barranco, N."]
[Result "1/2-1/2"]
[WhiteElo "1863"]
[BlackElo "2246"]
[PlyCount "97"]
[EventDate "2019.08.02"]
[EventType "swiss"]
[EventRounds "9"]
[EventCountry "ESP"]
[SourceTitle "Ajedrez en Madrid"]
[Source "lmi"]
[SourceDate "2020.06.24"]
[SourceVersion "1"]
[SourceVersionDate "2020.06.24"]
[SourceQuality "1"]

1. e4 d5 2. exd5 Qxd5 3. Nc3 Qd6 4. d4 Nf6 5. Bd3 c6 6. Nge2 Bg4 7. f3 Bh5 8.
Bf4 Qd8 9. Qd2 e6 10. O-O-O Qa5 11. Kb1 Na6 12. a3 O-O-O 13. Rhe1 Bg6 14. Bg3
Bxd3 15. Qxd3 Nc7 16. Qd2 Ncd5 17. Nxd5 Qxd2 18. Rxd2 cxd5 19. Rd3 Bd6 20. Rc3+
Kd7 21. Bxd6 Kxd6 22. Nc1 Rc8 23. Ree3 Nd7 24. Nb3 b6 25. Kc1 f6 26. Kd2 Nb8
27. Rxc8 Rxc8 28. c3 Nc6 29. Re2 a5 30. a4 e5 31. Kd3 Nd8 32. Nd2 Ne6 33. g3
exd4 34. cxd4 Rc1 35. f4 Rd1 36. f5 Nc7 37. Kc2 Ra1 38. b3 Rh1 39. Kd3 g6 40.
Rf2 gxf5 41. Rxf5 Ke6 42. Rh5 Na6 43. Rxh7 Nb4+ 44. Ke2 Nc6 45. Nf1 Nxd4+ 46.
Kf2 Nf3 47. Kg2 Rg1+ 48. Kf2 Rh1 49. Kg2 1/2-1/2

[Event "La Pobla de Lillet op"]
[Site "La Pobla de Lillet ESP"]
[Date "2019.08.04"]
[Round "3.4"]
[White "Taltavull Hidalgo, A."]
[Black "Cort Hidalgo, J."]
[Result "1-0"]
[WhiteElo "1648"]
[BlackElo "1584"]
[PlyCount "91"]
[EventDate "2019.08.02"]
[EventType "swiss"]
[EventRounds "9"]
[EventCountry "ESP"]
[SourceTitle "Ajedrez en Madrid"]
[Source "lmi"]
[SourceDate "2020.06.24"]
[SourceVersion "1"]
[SourceVersionDate "2020.06.24"]
[SourceQuality "1"]

1. e4 c5 2. Nf3 g6 3. c4 Bg7 4. d4 cxd4 5. Nxd4 Nc6 6. Be3 Nf6 7. Nc3 O-O 8.
Be2 d6 9. f3 Qb6 10. Nxc6 Qxc6 11. O-O Be6 12. Rc1 Rfc8 13. b3 Nd7 14. Nd5 Re8
15. Qd2 a5 16. f4 f5 17. Bf3 Qc8 18. Rfd1 fxe4 19. Bxe4 Bg4 20. Rf1 e6 21. Nc3
Bf5 22. Bxf5 exf5 23. Qd5+ Kh8 24. Bf2 Ra6 25. Nb5 Nf6 26. Qd3 Ne4 27. Bd4 Nf6
28. Rfe1 Ra8 29. Qc3 Qd8 30. Rxe8+ Nxe8 31. Bxg7+ Nxg7 32. Rd1 Qb6+ 33. Qd4
Qxd4+ 34. Rxd4 Ne8 35. Nxd6 Nxd6 36. Rxd6 Rb8 37. Rb6 Rd8 38. Rxb7 Rd1+ 39. Kf2
Rd2+ 40. Kf3 Rxa2 41. c5 Rc2 42. Rb5 Rc3+ 43. Ke2 Rc2+ 44. Kd3 Rxg2 45. c6 Rg1
46. c7 1-0

[Event "La Pobla de Lillet op"]
[Site "La Pobla de Lillet ESP"]
[Date "2019.08.04"]
[Round "3.5"]
[White "Aballanet Beltran, E."]
[Black "Jucla Esteve, FX."]
[Result "1/2-1/2"]
[WhiteElo "1475"]
[BlackElo "1647"]
[PlyCount "53"]
[EventDate "2019.08.02"]
[EventType "swiss"]
[EventRounds "9"]
[EventCountry "ESP"]
[SourceTitle "Ajedrez en Madrid"]
[Source "lmi"]
[SourceDate "2020.06.24"]
[SourceVersion "1"]
[SourceVersionDate "2020.06.24"]
[SourceQuality "1"]

1. e4 c5 2. Nc3 Nc6 3. g3 a6 4. Bg2 Nf6 5. Nge2 e5 6. O-O Be7 7. d3 d6 8. f4
Bg4 9. Qe1 Bxe2 10. Nxe2 exf4 11. Bxf4 O-O 12. Bh3 Qb6 13. Rb1 Rad8 14. Nc3 Nd4
15. Qf2 Ne6 16. Kh1 Nxf4 17. Qxf4 h6 18. Bg2 Qc7 19. Rbd1 b5 20. Rf2 b4 21. Ne2
Nh7 22. Qf3 Bf6 23. d4 cxd4 24. Nxd4 Be5 25. Rfd2 Ng5 26. Qe2 a5 27. Qa6
1/2-1/2

[Event "La Pobla de Lillet op"]
[Site "La Pobla de Lillet ESP"]
[Date "2019.08.04"]
[Round "3.5"]
[White "Capellades Subirana, M."]
[Black "Barcelo Sola, D."]
[Result "1-0"]
[WhiteElo "2194"]
[BlackElo "2029"]
[PlyCount "79"]
[EventDate "2019.08.02"]
[EventType "swiss"]
[EventRounds "9"]
[EventCountry "ESP"]
[SourceTitle "Ajedrez en Madrid"]
[Source "lmi"]
[SourceDate "2020.06.24"]
[SourceVersion "1"]
[SourceVersionDate "2020.06.24"]
[SourceQuality "1"]

1. e4 c5 2. Nc3 Nc6 3. g3 g6 4. Bg2 Bg7 5. d3 d6 6. Nge2 Bg4 7. h3 Bd7 8. O-O
e6 9. Bf4 Qb8 10. Qd2 b5 11. a4 b4 12. Nd1 Nge7 13. Bh6 O-O 14. Bxg7 Kxg7 15.
d4 Qb6 16. d5 exd5 17. exd5 Ne5 18. b3 Bxh3 19. Ne3 Bxg2 20. Kxg2 f5 21. Rh1
Qb7 22. Nf4 Rf6 23. Rae1 Kh8 24. f3 g5 25. Nh5 Rg6 26. Nc4 Qxd5 27. Qxd5 Nxd5
28. Nxe5 dxe5 29. Rxe5 Rd8 30. Rhe1 f4 31. Rxd5 Rgg8 32. Rxd8 Rxd8 33. gxf4 h6
34. f5 Rd2+ 35. Kg3 Kg8 36. Re7 Rxc2 37. Rxa7 g4 38. Nf6+ Kf8 39. Nh7+ Kg8 40.
f6 1-0

[Event "La Pobla de Lillet op"]
[Site "La Pobla de Lillet ESP"]
[Date "2019.08.04"]
[Round "3.6"]
[White "Camprubi Juanola, J."]
[Black "Vegara Gallego, P."]
[Result "1-0"]
[WhiteElo "1553"]
[BlackElo "1638"]
[PlyCount "63"]
[EventDate "2019.08.02"]
[EventType "swiss"]
[EventRounds "9"]
[EventCountry "ESP"]
[SourceTitle "Ajedrez en Madrid"]
[Source "lmi"]
[SourceDate "2020.06.24"]
[SourceVersion "1"]
[SourceVersionDate "2020.06.24"]
[SourceQuality "1"]

1. c4 e5 2. g3 Nc6 3. Bg2 Nf6 4. Nc3 Bc5 5. e3 d6 6. Nge2 Bg4 7. h3 Bh5 8. a3
a6 9. b4 Bb6 10. Bb2 O-O 11. Nd5 Nxd5 12. Bxd5 Rb8 13. g4 Bg6 14. d4 exd4 15.
Nxd4 Nxd4 16. Bxd4 Bxd4 17. Qxd4 Qe7 18. O-O Rfe8 19. Rad1 Be4 20. Bxe4 Qxe4
21. Qxe4 Rxe4 22. Rd4 Rbe8 23. Rfd1 f6 24. Rxe4 Rxe4 25. Rd4 Rxd4 26. exd4 Kf7
27. f4 g6 28. a4 h6 29. Kf2 c6 30. a5 Ke6 31. Ke3 b5 32. axb6 1-0

[Event "La Pobla de Lillet op"]
[Site "La Pobla de Lillet ESP"]
[Date "2019.08.04"]
[Round "3.6"]
[White "Simon del Sol, J."]
[Black "Blasco Cusido, F."]
[Result "1/2-1/2"]
[WhiteElo "2032"]
[BlackElo "1928"]
[PlyCount "39"]
[EventDate "2019.08.02"]
[EventType "swiss"]
[EventRounds "9"]
[EventCountry "ESP"]
[SourceTitle "Ajedrez en Madrid"]
[Source "lmi"]
[SourceDate "2020.06.24"]
[SourceVersion "1"]
[SourceVersionDate "2020.06.24"]
[SourceQuality "1"]

1. d4 Nf6 2. Nf3 d5 3. e3 e6 4. Bd3 Be7 5. O-O O-O 6. b3 Ne4 7. Bb2 Nd7 8. Nbd2
f5 9. a3 c6 10. Ne5 Nxe5 11. dxe5 Bd7 12. Nxe4 fxe4 13. Be2 Be8 14. Bg4 Qd7 15.
c4 Bg6 16. cxd5 cxd5 17. Rc1 Rac8 18. Qd4 b6 19. b4 Bf5 20. Be2 1/2-1/2

[Event "La Pobla de Lillet op"]
[Site "La Pobla de Lillet ESP"]
[Date "2019.08.04"]
[Round "3.7"]
[White "Basas Gamazo, J."]
[Black "Garcia Escoda, M."]
[Result "1/2-1/2"]
[WhiteElo "1906"]
[BlackElo "2067"]
[PlyCount "163"]
[EventDate "2019.08.02"]
[EventType "swiss"]
[EventRounds "9"]
[EventCountry "ESP"]
[SourceTitle "Ajedrez en Madrid"]
[Source "lmi"]
[SourceDate "2020.06.24"]
[SourceVersion "1"]
[SourceVersionDate "2020.06.24"]
[SourceQuality "1"]

1. e4 c5 2. Nf3 Nf6 3. Nc3 d5 4. exd5 Nxd5 5. Nxd5 Qxd5 6. d4 cxd4 7. Qxd4 Qxd4
8. Nxd4 a6 9. Be3 e5 10. Nb3 Bf5 11. O-O-O Nd7 12. Na5 b6 13. Nb3 Be7 14. Bd3
Bxd3 15. Rxd3 O-O-O 16. Rhd1 Kc7 17. f3 Nf6 18. Rxd8 Rxd8 19. Rxd8 Bxd8 20. c4
e4 21. Nd2 exf3 22. gxf3 Kc6 23. Kc2 Bc7 24. Nf1 Nd7 25. Bd4 g6 26. Kd3 f5 27.
h3 Nf8 28. Nd2 Ne6 29. Be3 Kb7 30. b4 Bg3 31. Bh6 Bf4 32. Bxf4 Nxf4+ 33. Kd4
Nxh3 34. Ke5 Nf2 35. Kf6 Nd3 36. a3 Nf4 37. Kg5 Ne6+ 38. Kh6 g5 39. Kxh7 g4 40.
fxg4 fxg4 41. Ne4 Nd4 42. Kg6 Nc2 43. Kg5 Nxa3 44. Kxg4 Nxc4 45. Kf3 Kc6 46.
Nc3 Na3 47. Ke4 Nc2 48. b5+ axb5 49. Kd3 Na3 50. Na2 Kc5 51. Kc3 Nc4 52. Nb4
Ne3 53. Nd3+ Kc6 54. Ne5+ Kd6 55. Nd3 Kc6 56. Nb4+ Kd6 57. Nd3 Nd5+ 58. Kb3 Kc6
59. Ne5+ Kb7 60. Nd3 Ne7 61. Kb4 Ka6 62. Ne5 Nd5+ 63. Kb3 Kb7 64. Nf3 Kc6 65.
Nd4+ Kc5 66. Ne6+ Kd6 67. Nd4 b4 68. Nf3 Kc5 69. Ne5 Kb5 70. Nd3 Ka5 71. Kc4
Ne3+ 72. Kb3 Nd5 73. Kc4 Ka4 74. Kxd5 b3 75. Kc4 b5+ 76. Kc3 Ka3 77. Nb4 b2 78.
Nc2+ Ka2 79. Nb4+ Kb1 80. Nd3 b4+ 81. Kxb4 Kc2 82. Nxb2 1/2-1/2

[Event "La Pobla de Lillet op"]
[Site "La Pobla de Lillet ESP"]
[Date "2019.08.04"]
[Round "3.7"]
[White "Casanovas Barniol, G."]
[Black "Pla Carulla, J."]
[Result "0-1"]
[WhiteElo "1447"]
[BlackElo "1796"]
[PlyCount "100"]
[EventDate "2019.08.02"]
[EventType "swiss"]
[EventRounds "9"]
[EventCountry "ESP"]
[SourceTitle "Ajedrez en Madrid"]
[Source "lmi"]
[SourceDate "2020.06.24"]
[SourceVersion "1"]
[SourceVersionDate "2020.06.24"]
[SourceQuality "1"]

1. e4 e6 2. d4 d5 3. exd5 exd5 4. Nf3 Nf6 5. h3 Bd6 6. Bd3 h6 7. O-O Be6 8. Be3
Nbd7 9. a3 c6 10. Nbd2 O-O 11. c4 Rc8 12. c5 Bb8 13. Re1 Qc7 14. Nf1 Ne4 15.
Qc1 f5 16. g3 Qd8 17. Bf4 Qf6 18. Ne5 g5 19. Nxd7 Bxd7 20. Bxb8 Rxb8 21. f3
Qxd4+ 22. Qe3 Qxe3+ 23. Rxe3 Nxc5 24. Bc2 Rbe8 25. Rae1 Kf7 26. Rxe8 Rxe8 27.
Rxe8 Kxe8 28. Ne3 f4 29. gxf4 gxf4 30. Ng4 Bxg4 31. fxg4 Kf7 32. Kf2 Kf6 33. h4
Ne6 34. Bf5 b6 35. Bc2 Nd4 36. Bd1 c5 37. Ke1 Ke5 38. Kd2 Ke4 39. Bc2+ Nxc2 40.
Kxc2 f3 41. Kd2 Kf4 42. g5 hxg5 43. hxg5 Kxg5 44. Ke3 Kg4 45. Kf2 d4 46. b4 c4
47. a4 c3 48. a5 c2 49. axb6 c1=Q 50. bxa7 Qe3+ 0-1

[Event "La Pobla de Lillet op"]
[Site "La Pobla de Lillet ESP"]
[Date "2019.08.04"]
[Round "3.8"]
[White "Guasch Murtra, JM."]
[Black "Viñals Rioja, J."]
[Result "0-1"]
[WhiteElo "1891"]
[BlackElo "2051"]
[PlyCount "94"]
[EventDate "2019.08.02"]
[EventType "swiss"]
[EventRounds "9"]
[EventCountry "ESP"]
[SourceTitle "Ajedrez en Madrid"]
[Source "lmi"]
[SourceDate "2020.06.24"]
[SourceVersion "1"]
[SourceVersionDate "2020.06.24"]
[SourceQuality "1"]

1. Nf3 f5 2. g3 Nf6 3. Bg2 g6 4. O-O Bg7 5. d4 O-O 6. c4 d6 7. Nc3 c6 8. Re1
Ne4 9. Qd3 Nxc3 10. bxc3 e5 11. dxe5 dxe5 12. Qc2 e4 13. Nd4 a6 14. a4 Qf6 15.
c5 Nd7 16. Ba3 Ne5 17. Qa2+ Kh8 18. f3 exf3 19. exf3 f4 20. Re4 fxg3 21. hxg3
Bf5 22. Nxf5 gxf5 23. Re2 Qg6 24. f4 Ng4 25. Rae1 Bxc3 26. Bb2 Qf6 27. Bxc3
Qxc3 28. Qb2 Qxb2 29. Rxb2 Rf7 30. Reb1 Rd8 31. Bf3 Rdd7 32. Bxg4 fxg4 33. Kf2
Kg7 34. Ke3 Kg6 35. Rb4 h5 36. Re4 Rd5 37. Re5 Rxe5+ 38. fxe5 Rf3+ 39. Ke4 Rxg3
40. Rxb7 Rg1 41. Rb6 g3 42. Rxc6+ Kg5 43. Kf3 h4 44. Rc8 Rf1+ 45. Kg2 Rf2+ 46.
Kg1 Kg4 47. e6 Re2 0-1

[Event "La Pobla de Lillet op"]
[Site "La Pobla de Lillet ESP"]
[Date "2019.08.04"]
[Round "3.8"]
[White "Molina Mañas, M."]
[Black "Begara Rodriguez, D."]
[Result "1/2-1/2"]
[WhiteElo "1613"]
[BlackElo "1430"]
[PlyCount "158"]
[EventDate "2019.08.02"]
[EventType "swiss"]
[EventRounds "9"]
[EventCountry "ESP"]
[SourceTitle "Ajedrez en Madrid"]
[Source "lmi"]
[SourceDate "2020.06.24"]
[SourceVersion "1"]
[SourceVersionDate "2020.06.24"]
[SourceQuality "1"]

1. e4 Nc6 2. Nf3 d5 3. exd5 Qxd5 4. Nc3 Qd8 5. Bc4 Nf6 6. O-O g6 7. Ng5 e6 8.
d3 Bg7 9. Nge4 O-O 10. Bg5 Ne5 11. Nxf6+ Bxf6 12. Bxf6 Qxf6 13. Ne4 Qe7 14. Bb3
b6 15. Qd2 Bb7 16. Qf4 f6 17. d4 g5 18. Nxf6+ Qxf6 19. Qxe5 Qxe5 20. dxe5 Rae8
21. Rad1 Rf5 22. Rd7 Rxe5 23. Rxc7 Ba6 24. c4 b5 25. cxb5 Bxb5 26. Bc4 a6 27.
Bxb5 axb5 28. Rc2 Kg7 29. g3 Rd5 30. a3 e5 31. Rfc1 e4 32. Rc5 Red8 33. b4 h6
34. Re1 Rxc5 35. bxc5 Rc8 36. Rxe4 Rxc5 37. Re3 Kf6 38. Kg2 g4 39. h3 h5 40.
hxg4 hxg4 41. f4 Kf5 42. Kf2 Rc2+ 43. Ke1 Rg2 44. Kf1 Ra2 45. Re5+ Kf6 46. Re3
Rb2 47. Ke1 b4 48. axb4 Rxb4 49. Ke2 Rb5 50. Kd3 Kf5 51. Re5+ Rxe5 52. fxe5
Kxe5 53. Ke3 Kf5 54. Kd4 Kf6 55. Ke4 Kg5 56. Ke5 Kg6 57. Kf4 Kh5 58. Kf5 Kh6
59. Kxg4 Kg6 60. Kf4 Kf6 61. g4 Kg6 62. Kg3 Kg5 63. Kf3 Kg6 64. Kf4 Kf6 65. g5+
Kg6 66. Kg4 Kg7 67. Kf5 Kf7 68. g6+ Kg7 69. Kg5 Kg8 70. Kf6 Kf8 71. Ke6 Kg7 72.
Kf5 Kg8 73. Kg5 Kg7 74. Kh5 Kg8 75. Kg4 Kg7 76. Kh5 Kg8 77. Kh6 Kh8 78. Kh5 Kg7
79. Kg5 Kg8 1/2-1/2

[Event "La Pobla de Lillet op"]
[Site "La Pobla de Lillet ESP"]
[Date "2019.08.04"]
[Round "3.9"]
[White "Bosch Ricart, J."]
[Black "Molina Tabernero, J."]
[Result "1-0"]
[WhiteElo "1572"]
[BlackElo "1420"]
[PlyCount "22"]
[EventDate "2019.08.02"]
[EventType "swiss"]
[EventRounds "9"]
[EventCountry "ESP"]
[SourceTitle "Ajedrez en Madrid"]
[Source "lmi"]
[SourceDate "2020.06.24"]
[SourceVersion "1"]
[SourceVersionDate "2020.06.24"]
[SourceQuality "1"]

1. d4 Nf6 2. Bf4 e6 3. Nf3 d6 4. e3 Be7 5. Be2 O-O 6. O-O c5 7. Nbd2 Nh5 8. Bg3
Nxg3 9. hxg3 cxd4 10. Nxd4 a5 11. Kh1 Nc6 1-0

[Event "La Pobla de Lillet op"]
[Site "La Pobla de Lillet ESP"]
[Date "2019.08.04"]
[Round "3.9"]
[White "Custodio Criado, J."]
[Black "Cervello Tost, R."]
[Result "1/2-1/2"]
[WhiteElo "1806"]
[BlackElo "2041"]
[PlyCount "26"]
[EventDate "2019.08.02"]
[EventType "swiss"]
[EventRounds "9"]
[EventCountry "ESP"]
[SourceTitle "Ajedrez en Madrid"]
[Source "lmi"]
[SourceDate "2020.06.24"]
[SourceVersion "1"]
[SourceVersionDate "2020.06.24"]
[SourceQuality "1"]

1. e4 e5 2. Nf3 Nc6 3. Bb5 a6 4. Bxc6 dxc6 5. d4 Bg4 6. dxe5 Qxd1+ 7. Kxd1 f6
8. Bf4 O-O-O+ 9. Nbd2 fxe5 10. Bxe5 Nf6 11. Bxf6 gxf6 12. h3 Bxf3+ 13. gxf3 Bh6
1/2-1/2

[Event "La Pobla de Lillet op"]
[Site "La Pobla de Lillet ESP"]
[Date "2019.08.04"]
[Round "3.10"]
[White "Dartmann Aubanell, C."]
[Black "Pastor Alonso de Prado, A."]
[Result "1/2-1/2"]
[WhiteElo "1805"]
[BlackElo "2032"]
[PlyCount "80"]
[EventDate "2019.08.02"]
[EventType "swiss"]
[EventRounds "9"]
[EventCountry "ESP"]
[SourceTitle "Ajedrez en Madrid"]
[Source "lmi"]
[SourceDate "2020.06.24"]
[SourceVersion "1"]
[SourceVersionDate "2020.06.24"]
[SourceQuality "1"]

1. e4 b6 2. d4 Bb7 3. Bd3 Nf6 4. Nc3 e6 5. Nf3 Bb4 6. Qe2 d5 7. exd5 Qxd5 8.
O-O Bxc3 9. bxc3 Qh5 10. Ne5 Qxe2 11. Bxe2 Nbd7 12. Nxd7 Kxd7 13. c4 Rhd8 14.
Ba3 Ke8 15. Rfd1 Rac8 16. c5 Nd7 17. cxb6 axb6 18. Bd3 Ra8 19. Bb4 Nf6 20. Be2
Bc6 21. c4 Ba4 22. Rd2 Ne4 23. Rd3 Bc2 24. Rh3 Ra4 25. Be1 Rxd4 26. c5 Ke7 27.
cxb6 cxb6 28. Rxh7 Ng3 29. Bb5 Ne2+ 30. Kf1 Bxh7 31. Bxa4 Bd3 32. Bc2 Ng3+ 33.
Kg1 Bxc2 34. hxg3 Rc4 35. Rc1 b5 36. Bd2 e5 37. f3 f5 38. Kf2 Ke6 39. Ke1 b4
40. Bxb4 Bd3 1/2-1/2

[Event "La Pobla de Lillet op"]
[Site "La Pobla de Lillet ESP"]
[Date "2019.08.04"]
[Round "3.10"]
[White "Gomez Sanchez, J."]
[Black "Garcia Perez, M."]
[Result "1-0"]
[WhiteElo "1383"]
[BlackElo "1506"]
[PlyCount "95"]
[EventDate "2019.08.02"]
[EventType "swiss"]
[EventRounds "9"]
[EventCountry "ESP"]
[SourceTitle "Ajedrez en Madrid"]
[Source "lmi"]
[SourceDate "2020.06.24"]
[SourceVersion "1"]
[SourceVersionDate "2020.06.24"]
[SourceQuality "1"]

1. e4 d5 2. exd5 Qxd5 3. Nc3 Qa5 4. d3 c6 5. Bd2 Qc7 6. g3 Nf6 7. Bg2 Bg4 8. f3
Bh5 9. Bf4 e5 10. Qe2 Nbd7 11. d4 O-O-O 12. dxe5 Bb4 13. exf6 Bxc3+ 14. bxc3
Qa5 15. Qd3 Rhe8+ 16. Ne2 Bg6 17. Qd6 Re6 18. Qb4 Qd5 19. Rb1 Nc5 20. Kf2 Bxc2
21. Qd4 Nd3+ 22. Kf1 Qxa2 23. fxg7 Bxb1 24. Qxd8+ Kxd8 25. g8=Q+ Re8 26. Bg5+
Kd7 27. Bh3+ Kc7 28. Qxe8 Kb6 29. Be3+ Kb5 30. Qb8 b6 31. Nd4+ Kc4 32. Qd6 Nc5
33. Ne2 Bd3 34. Qd4+ Kb5 35. Qb4+ Ka6 36. Bc8+ Nb7 37. Bxb7+ Kxb7 38. Qe7+ Ka6
39. Bf2 Qd2 40. Kg2 Qb2 41. Re1 c5 42. Qe3 c4 43. Qc1 Qb5 44. Nd4 Qd7 45. Qa3+
Kb7 46. Re7 Kc8 47. Rxd7 Kxd7 48. Qxa7+ 1-0

[Event "La Pobla de Lillet op"]
[Site "La Pobla de Lillet ESP"]
[Date "2019.08.04"]
[Round "3.16"]
[White "Garcia Galeote, L."]
[Black "Srdoc, N."]
[Result "1/2-1/2"]
[WhiteElo "1849"]
[BlackElo "1925"]
[PlyCount "153"]
[EventDate "2019.08.02"]
[EventType "swiss"]
[EventRounds "9"]
[EventCountry "ESP"]
[SourceTitle "Ajedrez en Madrid"]
[Source "lmi"]
[SourceDate "2020.06.24"]
[SourceVersion "1"]
[SourceVersionDate "2020.06.24"]
[SourceQuality "1"]

1. d4 d5 2. Nf3 Nf6 3. e3 g6 4. b3 Bg7 5. Bb2 Nbd7 6. c4 c6 7. Nc3 O-O 8. Be2
Re8 9. cxd5 Nxd5 10. Nxd5 cxd5 11. O-O b6 12. Rc1 Bb7 13. Bb5 a6 14. Bd3 e5 15.
dxe5 Nxe5 16. Nxe5 Bxe5 17. Bxe5 Rxe5 18. Be2 Qe7 19. Bf3 Rd8 20. Qd4 Rd6 21.
Rc2 Ree6 22. Rfc1 Qd8 23. Rc7 Rd7 24. R7c2 f5 25. g3 Qf6 26. Qxf6 Rxf6 27. Rc7
Rfd6 28. Rxd7 Rxd7 29. Rd1 h5 30. Rd4 Kg7 31. h3 Kf6 32. g4 hxg4 33. hxg4 Ke5
34. Be2 Rc7 35. f4+ Ke6 36. Rd2 g5 37. fxg5 fxg4 38. Bxg4+ Ke5 39. Kf2 Rg7 40.
Rd4 Rxg5 41. Ke2 Rg7 42. Kd2 a5 43. a4 Bc6 44. Rf4 Kd6 45. Rd4 Kc5 46. Rf4 b5
47. axb5 Bxb5 48. Rd4 Rh7 49. Bf3 Bc6 50. Kc3 Rh3 51. Rf4 Rh6 52. b4+ axb4+ 53.
Rxb4 Re6 54. Rf4 Rxe3+ 55. Kd2 Ra3 56. Be2 Ra2+ 57. Ke1 Kd6 58. Rf6+ Kc5 59.
Rf4 Ra1+ 60. Kd2 Ba4 61. Rh4 Ra2+ 62. Ke1 Bb3 63. Rf4 d4 64. Bd3 Bc4 65. Bxc4
Kxc4 66. Rf3 Rc2 67. Kd1 Rh2 68. Rg3 Rf2 69. Rh3 Rb2 70. Rg3 d3 71. Rg8 Rb5 72.
Rc8+ Kd4 73. Rd8+ Rd5 74. Rxd5+ Kxd5 75. Ke1 Ke4 76. Kd2 Kd4 77. Kd1 1/2-1/2

[Event "La Pobla de Lillet op"]
[Site "La Pobla de Lillet ESP"]
[Date "2019.08.05"]
[Round "4.1"]
[White "Cervello Tost, F."]
[Black "Movsziszian, K."]
[Result "0-1"]
[WhiteElo "2367"]
[BlackElo "2472"]
[PlyCount "100"]
[EventDate "2019.08.02"]
[EventType "swiss"]
[EventRounds "9"]
[EventCountry "ESP"]
[SourceTitle "Ajedrez en Madrid"]
[Source "lmi"]
[SourceDate "2020.06.24"]
[SourceVersion "1"]
[SourceVersionDate "2020.06.24"]
[SourceQuality "1"]

1. d4 Nf6 2. Nf3 c5 3. d5 b5 4. c4 g6 5. g3 Bg7 6. Bg2 d6 7. O-O O-O 8. Nfd2
Nbd7 9. Nc3 b4 10. Nce4 Nxe4 11. Nxe4 Nb6 12. Qc2 a5 13. a4 Ba6 14. Nd2 Rb8 15.
Rb1 b3 16. Qxb3 Nxc4 17. Qc2 Nxd2 18. Bxd2 Bxe2 19. Bxa5 Qxa5 20. Qxe2 Qxa4 21.
Qxe7 Be5 22. Kh1 Rfe8 23. Qc7 Rec8 24. Qe7 c4 25. Ra1 Qe8 26. Qxe8+ Rxe8 27.
Rac1 Rec8 28. Rc2 Rxb2 29. Rfc1 Rxc2 30. Rxc2 Rb8 31. Bf1 c3 32. Kg2 f5 33. Kf3
Rb4 34. Bd3 Kg7 35. Ke2 f4 36. f3 h5 37. Be4 fxg3 38. hxg3 g5 39. Ke3 Rb2 40.
f4 gxf4+ 41. gxf4 Rxc2 42. Bxc2 Bf6 43. Bf5 h4 44. Kd3 Kf8 45. Bh3 Ke7 46. Bf5
Kd8 47. Kc4 Kc7 48. Kb4 h3 49. Kb3 h2 50. Be4 Kb6 0-1

[Event "La Pobla de Lillet op"]
[Site "La Pobla de Lillet ESP"]
[Date "2019.08.05"]
[Round "4.1"]
[White "Marin Aso, JL."]
[Black "Taltavull Hidalgo, A."]
[Result "1-0"]
[WhiteElo "1908"]
[BlackElo "1648"]
[PlyCount "77"]
[EventDate "2019.08.02"]
[EventType "swiss"]
[EventRounds "9"]
[EventCountry "ESP"]
[SourceTitle "Ajedrez en Madrid"]
[Source "lmi"]
[SourceDate "2020.06.24"]
[SourceVersion "1"]
[SourceVersionDate "2020.06.24"]
[SourceQuality "1"]

1. c4 c5 2. Nc3 Nf6 3. g3 g6 4. Bg2 Bg7 5. Rb1 Nc6 6. a3 d6 7. b4 O-O 8. Nf3
Bf5 9. d3 cxb4 10. axb4 Rc8 11. O-O b6 12. b5 Ne5 13. Nd4 Nfd7 14. Nd5 Nc5 15.
Nxf5 gxf5 16. d4 Nxc4 17. dxc5 Rxc5 18. Ne3 e6 19. Nxc4 Rxc4 20. Bb2 d5 21.
Bxg7 Kxg7 22. Rc1 Rc5 23. Rxc5 bxc5 24. Qa1+ Kg8 25. Qxa7 c4 26. e3 Qb8 27. Qa5
Rc8 28. Qb4 Qb6 29. Rb1 Rc5 30. Bf1 Kg7 31. Be2 e5 32. Qc3 f6 33. Qb4 Kg6 34.
h4 h6 35. Qa4 h5 36. Qa8 c3 37. Qg8+ Kh6 38. Qh8+ Kg6 39. Bxh5# 1-0

[Event "La Pobla de Lillet op"]
[Site "La Pobla de Lillet ESP"]
[Date "2019.08.05"]
[Round "4.2"]
[White "Gamisans Cassi, M."]
[Black "Soler Bel, J."]
[Result "1/2-1/2"]
[WhiteElo "1647"]
[BlackElo "1881"]
[PlyCount "78"]
[EventDate "2019.08.02"]
[EventType "swiss"]
[EventRounds "9"]
[EventCountry "ESP"]
[SourceTitle "Ajedrez en Madrid"]
[Source "lmi"]
[SourceDate "2020.06.24"]
[SourceVersion "1"]
[SourceVersionDate "2020.06.24"]
[SourceQuality "1"]

1. b4 e5 2. Bb2 Bxb4 3. Bxe5 Nf6 4. Nc3 Nc6 5. Bxf6 Qxf6 6. Nd5 Qd6 7. Nxb4
Qxb4 8. c3 Qe7 9. Nf3 O-O 10. e3 b6 11. Be2 Bb7 12. O-O d5 13. Qa4 Na5 14. Qg4
c5 15. Bd3 g6 16. Rfe1 Rfe8 17. Bb5 Bc6 18. Qa4 Qd7 19. Bxc6 Qxc6 20. Qf4 Rad8
21. Qh6 Qf6 22. Qg5 Kg7 23. Qxf6+ Kxf6 24. d3 Nc6 25. Rac1 Kg7 26. Kf1 f5 27.
Re2 Kf6 28. Ke1 c4 29. d4 b5 30. Rb1 Rb8 31. Reb2 b4 32. cxb4 c3 33. Rb3 c2 34.
Rc1 Nxb4 35. Kd2 Nxa2 36. Rxb8 Rxb8 37. Rxc2 Nb4 38. Rc7 a5 39. Ra7 Rc8 1/2-1/2

[Event "La Pobla de Lillet op"]
[Site "La Pobla de Lillet ESP"]
[Date "2019.08.05"]
[Round "4.2"]
[White "Gomez Jurado, LA."]
[Black "Codina Calvo, D."]
[Result "1-0"]
[WhiteElo "2293"]
[BlackElo "1863"]
[PlyCount "75"]
[EventDate "2019.08.02"]
[EventType "swiss"]
[EventRounds "9"]
[EventCountry "ESP"]
[SourceTitle "Ajedrez en Madrid"]
[Source "lmi"]
[SourceDate "2020.06.24"]
[SourceVersion "1"]
[SourceVersionDate "2020.06.24"]
[SourceQuality "1"]

1. Nf3 Nf6 2. g3 d5 3. c4 e6 4. Bg2 Bd6 5. O-O O-O 6. b3 c5 7. cxd5 exd5 8. d4
Re8 9. Bg5 Nc6 10. Nc3 Be6 11. Rc1 b6 12. dxc5 Bxc5 13. Na4 Rc8 14. Nxc5 bxc5
15. Bxf6 Qxf6 16. Rxc5 Qe7 17. Rc1 Nb4 18. Qd2 Qd6 19. Nd4 Qb6 20. Nxe6 fxe6
21. Bh3 Nc6 22. Rc3 d4 23. Rc4 Rcd8 24. Rfc1 Ne5 25. Rc5 Qd6 26. Qf4 Ng6 27.
Qxd6 Rxd6 28. Rc6 Rxc6 29. Rxc6 e5 30. Rd6 Re7 31. Bf5 Kf7 32. h4 Rc7 33. h5
Ne7 34. Bxh7 Rc1+ 35. Kg2 Re1 36. Bd3 e4 37. Bc4+ Ke8 38. Rxd4 1-0

[Event "La Pobla de Lillet op"]
[Site "La Pobla de Lillet ESP"]
[Date "2019.08.05"]
[Round "4.3"]
[White "Puig Carres, J."]
[Black "Camprubi Juanola, J."]
[Result "1/2-1/2"]
[WhiteElo "1673"]
[BlackElo "1553"]
[PlyCount "85"]
[EventDate "2019.08.02"]
[EventType "swiss"]
[EventRounds "9"]
[EventCountry "ESP"]
[SourceTitle "Ajedrez en Madrid"]
[Source "lmi"]
[SourceDate "2020.06.24"]
[SourceVersion "1"]
[SourceVersionDate "2020.06.24"]
[SourceQuality "1"]

1. c4 g6 2. g3 Bg7 3. Bg2 e6 4. Nf3 d6 5. O-O Ne7 6. d3 O-O 7. Nc3 Nd7 8. Rb1
Nc6 9. a3 a5 10. Nb5 Na7 11. Nxa7 Rxa7 12. Bd2 b6 13. Qc1 Bb7 14. Bh6 Nf6 15.
Bxg7 Kxg7 16. Re1 e5 17. e4 c5 18. Qd2 a4 19. Qc3 Nd7 20. Nh4 Kg8 21. Qd2 Qf6
22. Rf1 Qg7 23. Qg5 f6 24. Qe3 Nb8 25. b4 axb3 26. Rxb3 Nd7 27. Bh3 Rfa8 28.
Qc1 Qe7 29. Qb2 Bc8 30. Ra1 Rb8 31. Ng2 Rab7 32. Ne3 Qd8 33. Nd5 f5 34. exf5
Nf6 35. Bg2 Nd7 36. fxg6 hxg6 37. Qd2 Nf8 38. Re1 Ne6 39. Qh6 Nd4 40. Qxg6+ Rg7
41. Nf6+ Kf8 42. Nh7+ Kg8 43. Nf6+ 1/2-1/2